Logo BPK

Biblioteka

Politechniki Koszalińskiej

Kaiserreich und Erster Weltkrieg 1871 - 1918 / (Rekord nr 54564)

Szczegóły MARC
000 -ETYKIETA REKORDU
podpole kontrolne o stałej długości 01092nam a2200313 i 4500
001 - NUMER KONTROLNY REKORDU
pole kontrolne bg
020 ## - MIĘDZYNARODOWY ZNORMALIZOWANY NUMER KSIĄŻKI - ISBN
ISBN 9783150170083
020 ## - MIĘDZYNARODOWY ZNORMALIZOWANY NUMER KSIĄŻKI - ISBN
ISBN 3150170087
040 ## - ŹRÓDŁO KATALOGOWANIA
Instytucja, która utworzyła rekord BPK
041 0# - KOD JĘZYKA
Kod języka tekstu ger
044 ## - KOD KRAJU WYDAWCY/PRODUCENTA
Kod kraju wydawcy/producenta DEU
080 ## - UNIWERSALNA KLASYFIKACJA DZIESIĘTNA - UKD
UKD 94(430)"18/19"
920 ## - Międzynarodowy znormalizowany numer książki – ISBN
ISBN 978-3-15-017008-3
920 ## - Międzynarodowy znormalizowany numer książki – ISBN
ISBN 3-15-017008-7
008 - POLE O STAŁEJ DŁUGOŚCI - DANE KONTROLNE
podpole kontrolne o stałej długości s pl f |000 0 pol
245 ## - TYTUŁ/ODPOWIEDZIALNOŚĆ
Tytuł Kaiserreich und Erster Weltkrieg 1871 - 1918 /
Pozostałe elementy strefy tytułu i oznaczenia odpowiedzialności hrsg. von Rüdiger vom Bruch und Björn Hofmeister.
260 ## - STREFA ADRESU WYDAWNICZEGO
Miejsce wydania Stuttgart :
Nazwa wydawcy/dystrybutora Philipp Reclam,
Data publikacji, dystrybucji/powstania dokumentu 2006.
300 ## - STREFA OPISU FIZYCZNEGO
Objętość 511 s. :
Inne cechy fizyczne il. ;
Rozmiary 15 cm.
490 #0 - STREFA SERII I DOKUMENTU WIELOCZĘŚCIOWEGO - FORMA NIE DO WYSZUKIWANIA
Tytuł i oznaczenie odpowiedzialności serii Universal-Bibliothek ;
-- 17008
490 #0 - STREFA SERII I DOKUMENTU WIELOCZĘŚCIOWEGO - FORMA NIE DO WYSZUKIWANIA
Tytuł i oznaczenie odpowiedzialności serii Deutsche Geschichte in Quellen und Darstellung / hrsg. von Rainer A. Müller ;
-- Bd. 8
651 #9 - HASŁO PRZEDMIOTOWE W FORMIE NAZWY GEOGRAFICZNEJ
Nazwa geograficzna Niemcy
Określnik ogólny historia
Określnik chronologiczny 19-20 w.
700 1# - HASŁO DODATKOWE - NAZWA OSOBOWA
Nazwa osobowa Vom Bruch, Rüdiger
Daty związane z nazwą (1944- ).
Określenie związku między hasłem a opisywanym materiałem Red.
700 1# - HASŁO DODATKOWE - NAZWA OSOBOWA
Nazwa osobowa Hofmeister, Björn.
Określenie związku między hasłem a opisywanym materiałem Red.
700 1# - HASŁO DODATKOWE - NAZWA OSOBOWA
Nazwa osobowa Müller, Rainer A.
Określenie związku między hasłem a opisywanym materiałem Red.
830 #0 - HASŁO DODATKOWE SERII LUB DOKUMENTU WIELOCZĘŚCIOWEGO - TYTUŁ UJEDNOLICONY
Tytuł ujednolicony Reclam Universal-Bibliothek ;
Oznaczenie części/sekcji dzieła 17008
830 #0 - HASŁO DODATKOWE SERII LUB DOKUMENTU WIELOCZĘŚCIOWEGO - TYTUŁ UJEDNOLICONY
Tytuł ujednolicony Deutsche Geschichte in Quellen und Darstellung ;
Oznaczenie części/sekcji dzieła Bd. 8
856 ## - LOKALIZACJA I DOSTĘP DO ELEKTRONICZNYCH DOKUMENTÓW ZDALNYCH
Link (URL) http://koha.tu.koszalin.pl/cgi-bin/koha/opac-detail.pl?biblionumber=54564
Tekst linku Katalog online BPK
942 ## - DODATKOWE ELEMENTY (KOHA)
Typ dokumentu Książka
Egzemplarze
Wycofany Status egzemplarza Uszkodzony Dostępność Lokalizacja stała Lokalizacja bieżąca Miejsce przechowywania Sygnatura Kod kreskowy Dział Typ dokumentu
      Tylko na miejscu Biblioteka Politechniki Koszalińskiej Biblioteka Politechniki Koszalińskiej Czytelnia Wydziałowa ul. Kwiatkowskiego 6e 86113 02403427 94(430) Historia Niemiec Książka
© 2023 Biblioteka Politechniki Koszalińskiej :: KOHA